书目信息 |
| 题名: |
语文复习与题解
|
|
| 作者: | ;北京市海淀区教师进修学校 主编 | |
| 分册: | ||
| 出版信息: | 北京 电力工业出版社 1980 |
|
| 页数: | 488页 | |
| 开本: | 19cm | |
| 丛书名: | 中学基础知识补习丛书 | |
| 单 册: | ||
| 中图分类: | G634.3 , G633.3 | |
| 科图分类: | ||
| 主题词: | 语文--中学--教学参考资料 | |
| 电子资源: | ||
| ISBN: | ||
| 000 | 00804nam2 2200265 45 | |
| 001 | 0180001274 | |
| 005 | 20060820112816.46 | |
| 010 | @dCNY1.25 | |
| 091 | @a15036.4147 | |
| 100 | @a19950706d1980 em y0chiy0121 ea | |
| 101 | 0 | @achi |
| 102 | @aCN@b110000 | |
| 105 | @ay zq 000yy | |
| 200 | 10 | @a语文复习与题解@Ayu wen fu xi yu ti jie@f北京市海淀区教师进修学校主编 |
| 210 | @a北京@c电力工业出版社@d1980 | |
| 215 | @a488页@d19cm | |
| 225 | 2 | @a中学基础知识补习丛书 |
| 410 | 0 | @120010@a中学基础知识补习丛书 |
| 606 | @a语文@x中学@x教学参考资料 | |
| 690 | @aG634.3@v3 | |
| 690 | @aG633.3@v3 | |
| 711 | 02 | @a北京市海淀区教师进修学校@Abei jing shi hai dian qu jiao shi jin xiu xue xiao@4主编 |
| 801 | 2 | @aCN@bNLC@c20060820 |
| 801 | 0 | @aCN@b上海图书馆@c20040428 |
| 905 | @f1@b100305@dG633.3@e13:1 | |
| 语文复习与题解/北京市海淀区教师进修学校主编.-北京:电力工业出版社,1980 |
| 488页;19cm.-(中学基础知识补习丛书) |
| ISBN :CNY1.25 |
| ● |
| 相关链接 |
|
|
|
|
正题名:语文复习与题解
索取号:G633.3/13:1
 
预约/预借
| 序号 | 登录号 | 条形码 | 馆藏地/架位号 | 状态 | 备注 |
| 1 | 0058919 | 000783085 | 密集书库/ [索取号:G633.3/13:1] | 在馆 | |
| 2 | 0058920 | 000263789 | 密集书库/ [索取号:G633.3/13:1] | 在馆 | |
| 3 | 0100305 | 000466294 | 第一样本阅览室/ [索取号:G633.3/13:1] | 在馆 | |
| 4 | 0471658 | 204716584 | 密集书库/ [索取号:G633.3/13:1] | 在馆 |